Výnosy a náklady vo vzťahu k príslušným súvahovým položkám bakalárska práca

Salvato in:
Dettagli Bibliografici
Autore principale: Csölleová, Katarína
Ente Autore: Fakulta hospodárskej informatiky EU. Katedra účtovníctva a audítorstva
Altri autori: Surový, Vladimír
Natura: Libro
Lingua:slovacco
Pubblicazione: Bratislava 2009
Tags: Aggiungi Tag
Nessun Tag, puoi essere il primo ad aggiungerne!!

MARC

LEADER 00000nam$a2200000$$$4500
001 0103718
005 20240318135041.0
041 0 |a slo 
044 |a SK 
245 1 0 |a Výnosy a náklady vo vzťahu k príslušným súvahovým položkám  |b bakalárska práca  |c Katarína Csölleová ; škol. Vladimír Surový 
264 1 |a Bratislava  |c 2009 
300 |a 42 s. 
100 1 |a Csölleová, Katarína 
700 1 |a Surový, Vladimír 
710 2 |a Fakulta hospodárskej informatiky EU. Katedra účtovníctva a audítorstva